000 01142nam a2200277 a 4500
001 000038232
003 DO-SdBNP
005 20220324103007.0
007 ta
008 130404s2004 dr acd 000 0 spa d
040 _aDO-SdBNP
_bspa
_cBNPHU
082 4 _a354.49
_bC822m
_222
110 2 _aCorporación Dominicana de Empresas Eléctricas Estatales
_910188
245 1 0 _aMemorias 2000-2004 :
_bEdenorte /
_cintroducción César Sánchez Torres.
260 _aSanto Domingo :
_bEdenorte Dominicana,
_c2004.
300 _a284 p. :
_bil., gráfs., retrs. ;
_c30 cm.
590 _aInventariado, 2018/ YL
650 4 _aGestión pública
_zRepública Dominicana
_957150
650 4 _aEmpresas eléctricas
_zRepública Dominicana
_vMemorias e informes
_964606
650 4 _aDistribución de energía eléctrica
_zRepública Dominicana
_vMemorias e informes
_964607
650 4 _aInstituciones públicas
_zRepública Dominicana
_917927
651 4 _aRepública Dominicana
_xAdministración pública
_xMemorias e informes
_91286
700 1 _aSánchez Torres, César,
_eintrod.
_910187
910 _aValidado. Control de calidad EMS.
942 _2ddc
_cLBS1
999 _c37722
_d37722